OPAC Home

Encyclopaedia Of Buddhism (Record no. 128314)

MARC details
000 -LEADER
fixed length control field 00458nam a2200169Ia 4500
003 - CONTROL NUMBER IDENTIFIER
control field LK-CoDNM
008 - FIXED-LENGTH DATA ELEMENTS--GENERAL INFORMATION
fixed length control field 010623t2009 xxu||||| |||| 00| 1 eng d
040 ## - CATALOGING SOURCE
Original cataloging agency LK-CoDNM
Modifying agency LK-CoDNM
Description conventions LK-CoDNM
041 ## - LANGUAGE CODE
Language code of text/sound track or separate title English
080 ## - UNIVERSAL DECIMAL CLASSIFICATION NUMBER
Universal Decimal Classification number 294.3 ENC
942 ## - ADDED ENTRY ELEMENTS (KOHA)
Koha item type Books
100 ## - MAIN ENTRY--PERSONAL NAME
Personal name Malalasekera,G.P
700 ## - ADDED ENTRY--PERSONAL NAME
Personal name Weeraratne,W.G
245 ## - TITLE STATEMENT
Title Encyclopaedia Of Buddhism
260 ## - PUBLICATION, DISTRIBUTION, ETC. (IMPRINT)
Name of publisher, distributor, etc. Department Of Buddhist Affairs
Place of publication, distribution, etc. Ministry Of Religious Affairs
Date of publication, distribution, etc. 2009
300 ## - PHYSICAL DESCRIPTION
Other physical details 849, 24 cm
Holdings
Withdrawn status Lost status Damaged status Not for loan Collection code Permanent Location Current Location Date acquired Full call number Barcode Koha item type
        Monographs Library National Museum Colombo - Sri Lanka Library National Museum Colombo - Sri Lanka 2023-08-02 294.3 ENC 152725 Books
Copyright © 2023 Department of National Museum, Colombo 07, Sri Lanka Funded by UNESCO IFAP UNESCO